A meeting of minds (Record no. 79435)

MARC details
000 -LEADER
fixed length control field 01214cab a22001935a 4500
001 - CONTROL NUMBER
control field L141282
008 - FIXED-LENGTH DATA ELEMENTS--GENERAL INFORMATION
fixed length control field 071112e20071103xxk f 000 0 eng d
035 ## - SYSTEM CONTROL NUMBER
System control number (Sirsi) u141282
041 0# - LANGUAGE CODE
Language code of text/sound track or separate title eng
100 1# - MAIN ENTRY--PERSONAL NAME
Personal name Metcalfe, Christian
245 02 - TITLE STATEMENT
Title A meeting of minds
260 ## - PUBLICATION, DISTRIBUTION, ETC.
Date of publication, distribution, etc. 2007
490 ## - SERIES STATEMENT
Series statement Estates Gazette
Volume/sequential designation (0744) 3 November 2007, 172-175(4)
520 ## - SUMMARY, ETC.
Summary, etc. Reports on the topics discussed during the Property Industry Alliance's autumn 2007 meeting. The keynote speech covered the centrist trend in UK politics, increased globalisation, public services and climate change. The group discussions focused on climate change, investment, town centres, infrastructure, residential property, development, occupation and regeneration. Discussion on climate change considered efficient means of managing existing commercial stock, methods of engagement with small and medium sized employers, industry benchmarking and research coordination. Investment issues included concerns over lower returns and further regulatory changes, the increased importance of residential markets and the effect of green issues.
590 ## - LOCAL NOTE (RLIN)
Local note KA
651 #4 - SUBJECT ADDED ENTRY--GEOGRAPHIC NAME
Geographic name United Kingdom
Chronological subdivision
690 ## - LOCAL SUBJECT ADDED ENTRY--TOPICAL TERM (OCLC, RLIN)
Topical term or geographic name as entry element PROPERTY-COMMERCIAL PROPERTY
942 ## - ADDED ENTRY ELEMENTS (KOHA)
Suppress in OPAC 0
Holdings
Withdrawn status Lost status Source of classification or shelving scheme Damaged status Not for loan Home library Current library Shelving location Date acquired Total Checkouts Full call number Barcode Date last seen Copy number Price effective from Koha item type
    Dewey Decimal Classification     London London Journal article 12/11/2007   L141282 141282-1001 06/08/2019 1 06/08/2019 Journal article